Search the Library Catalogue
| 000 -LEADER | |
|---|---|
| fixed length control field | 00766nam a2200169Ia 4500 |
| 008 - FIXED-LENGTH DATA ELEMENTS--GENERAL INFORMATION | |
| fixed length control field | 260302s9999 xx 000 0 und d |
| 020 ## - INTERNATIONAL STANDARD BOOK NUMBER | |
| ISBN | 9780230603790 |
| 082 ## - DEWEY DECIMAL CLASSIFICATION NUMBER | |
| Classification number | 338.922 |
| Item number | ZAH |
| 100 ## - MAIN ENTRY--AUTHOR NAME | |
| Personal name | Zahariadis, Nikolaos |
| 245 #0 - TITLE STATEMENT | |
| Title | State Subsidies in the Global Economy / |
| Statement of responsibility, etc | Zahariadis, Nikolaos |
| 260 ## - PUBLICATION, DISTRIBUTION, ETC. (IMPRINT) | |
| Name of publisher | Palgrave MacMillan, |
| Year of publication | 2008 |
| 300 ## - PHYSICAL DESCRIPTION | |
| Number of Pages | 216 pages |
| 520 ## - SUMMARY, ETC. | |
| Summary, etc | Using figures from European Union members, the volume highlights the conditional effects of globalization, asset specificity, and domestic institutions. Far from being impotent, democratic states face politically powerful pressures to continue to shield social actors from the vagaries of the global market. |
| 650 ## - SUBJECT ADDED ENTRY--TOPICAL TERM | |
| Topical Term | Business & Economics |
| 942 ## - ADDED ENTRY ELEMENTS (KOHA) | |
| Koha item type | English Books |
| Withdrawn status | Lost status | Damaged status | Not for loan | Home library | Current library | Shelving location | Date acquired | Full call number | Accession Number | Price effective from | Koha item type |
|---|---|---|---|---|---|---|---|---|---|---|---|
| Anna Centenary Library | Anna Centenary Library | 4TH FLOOR, A WING | 02.03.2026 | 338.922 ZAH | 307104 | 02.03.2026 | English Books |